000 00789nam0a22002531 4500
001 rc\2770745
005 20250806204340.0
035 _a(NLR Aleph) 006897125
090 _a26801
_c26801
100 _a20110915d1941 u y0rusy50 ca
101 0 _arus
102 _aRU
105 _aa z |||||
200 1 _aПоможем колхозам в уборке зерновых хлебов
_fСост. С. Щукин
210 _aМосква
_cДетгиз
_d1941
215 _a10 с.
_cил.
_d15 см.
700 1 _aЩукин
_bС.В.
_gСергей Васильевич
801 0 _aRU
_bNLR
_gpsbo
801 1 _aRU
_bELAR
_2rusmarc
852 _aNLR
_jС20 Г-2/60
942 _cBOOK
945 _aРоссийская национальная библиотека
980 _aNB
980 _aBV